Europe in the spring

Bibliographic Details
Main Author: Luce, Clare Boothe, 1903-1987
Format: Book
Language:English
Published: New York, A.A. Knopf [1940]
Subjects:

MARC

Tag First Indicator Second Indicator Subfields
LEADER 00000cam a2200000I 4500
001 in00000077248
005 20210709161823.0
008 811022s1940 nyu 000 0 eng d
010 |a  40027683  
035 |a (OCoLC)ocm00876953 
035 |a (OCoLC)00876953 
035 |9 AAJ6115AM 
040 |a VTU  |b eng  |c VTU  |d OCL  |d ORC  |d OCLCQ  |d DRB  |d OCLCG  |d NIALS  |d IBV  |d OCLCQ  |d OCLCF  |d OCLCQ  |d OCL  |d CNUTO  |d NLC  |d OCLCQ  |d OCL 
016 |a (AMICUS)000013278854 
019 |a 284914  |a 7869508  |a 633631965  |a 687734877  |a 977565902  |a 1014228387 
029 1 |a AU@  |b 000027192536 
029 1 |a NLC  |b 000013278854 
029 1 |a AU@  |b 000066175657 
035 |a (OCoLC)876953  |z (OCoLC)284914  |z (OCoLC)7869508  |z (OCoLC)633631965  |z (OCoLC)687734877  |z (OCoLC)977565902  |z (OCoLC)1014228387 
050 0 0 |a D811.5  |b .L77 
055 0 1 |a D811.5 
082 0 0 |a 940.53 
090 |a D811.5  |b .B6 
049 |a TXAM 
100 1 |a Luce, Clare Boothe,  |d 1903-1987. 
245 1 0 |a Europe in the spring  |c [by] Clare Boothe. 
264 1 |a New York,  |b A.A. Knopf  |c [1940] 
264 4 |c ©1940. 
300 |a xi, 324 pages ;  |c 21 cm 
336 |a text  |b txt  |2 rdacontent 
337 |a unmediated  |b n  |2 rdamedia 
338 |a volume  |b nc  |2 rdacarrier 
500 |a "First edition." 
530 |a Also issued online. 
583 |a commitment to retain  |c 20151208  |2 pda  |5 OTUTLD 
650 0 |a World War, 1939-1945. 
647 7 |a World War  |d (1939-1945)  |2 fast  |0 (OCoLC)fst01180924 
648 7 |a 1939-1945  |2 fast 
776 0 8 |i Online version:  |a Luce, Clare Boothe, 1903-1987.  |t Europe in the spring.  |d New York, A.A. Knopf c1940  |w (OCoLC)568756454 
994 |a C0  |b TXA 
999 f f |s fc971967-c451-3034-95c3-8f29f1d66995  |i 4a110a4e-29cb-309e-9f9d-83f4b7da9828  |t 0 
952 f f |p normal  |a Texas A&M University  |b Washington DC  |c Bush DC Campus  |d Bush School Library (located in Washington, DC)  |t 0  |e D811.5 .L77  |h Library of Congress classification  |i unmediated -- volume  |m 66000002832 
952 f f |p ric  |a Texas A&M University  |b Rellis Campus  |c Joint Library Facility  |d Remote Storage  |t 0  |e D811.5 .B6  |h Library of Congress classification  |i unmediated -- volume  |m A14806095830 
998 f f |a D811.5 .B6  |t 0  |l Remote Storage 
998 f f |a D811.5 .L77  |t 0  |l Bush School Library (located in Washington, DC)